|
|
|
|
| LEADER |
00751pam a22001818a 4500 |
| 001 |
00037768 |
| 005 |
20171026081025.0 |
| 008 |
170514s2012 ||||||Viesd |
| 041 |
0 |
# |
|a Vie
|
| 082 |
1 |
4 |
|a 372.21
|b GI108D
|
| 100 |
1 |
# |
|a Nguyễn, Thị Mỹ Lộc
|
| 245 |
1 |
0 |
|a Giáo dục giá trị sống và kỹ năng sống cho trẻ mầm non
|c Nguyễn Thị Mỹ Lộc, Đinh Thị Kim Thoa, Phan Thị Thảo Hương
|
| 260 |
# |
# |
|a H.
|b ĐHQG Hà Nội
|c 2012
|
| 300 |
# |
# |
|a 187 tr.
|c 24 cm
|
| 653 |
# |
# |
|a Giáo dục giá trị sống và kỹ năng sống cho trẻ mầm non
|
| 852 |
# |
# |
|b Kho đọc
|j KD.1000734
|
| 910 |
|
|
|d 14/05/2017
|
| 980 |
# |
# |
|a Trung tâm Học liệu Lê Vũ Hùng, Trường Đại học Đồng Tháp
|